Picasso et ses amis / (Record no. 109323)

MARC details
000 -LEADER
campo de control de longitud fija 00684nam a2200217 i 4500
001 - NÚMERO DE CONTROL
campo de control 109323
003 - IDENTIFICADOR DE NÚMERO DE CONTROL
campo de control ES-MaACL
005 - FECHA Y HORA DE LA ÚLTIMA TRANSACCIÓN
campo de control 20240205165151.0
007 - CAMPO FIJO DE DESCRIPCIÓN FÍSICA--INFORMACIÓN GENERAL
campo de control de longitud fija t|
008 - DATOS DE LONGITUD FIJA--INFORMACIÓN GENERAL
campo de control de longitud fija 061121s1933 fr r ||||1| fre d
100 1# - ENTRADA PRINCIPAL--NOMBRE DE PERSONA
Nombre de persona Olivier, Fernande.
9 (RLIN) 86889
245 10 - MENCIÓN DEL TÍTULO
Título Picasso et ses amis /
Mención de responsabilidad, etc. Fernande Olivier ; préface de Paul Léautand.
260 ## - PUBLICACIÓN, DISTRIBUCIÓN, ETC.
Lugar de publicación, distribución, etc. París :
Nombre del editor, distribuidor, etc. Stock :
-- Delamian et Boutellau,
Fecha de publicación, distribución, etc. 1933 (
Fabricante Lagny : E. Grevin)
300 ## - DESCRIPCIÓN FÍSICA
Extensión XVI, 237 p., 16 lám. ;
Dimensiones 19 cm.
490 1# - MENCIÓN DE SERIE
Mención de serie Atelier
600 14 - PUNTO DE ACCESO ADICIONAL DE MATERIA--NOMBRE DE PERSONA
Nombre de persona Picasso, Pablo,
Fechas asociadas al nombre 1881-1973
9 (RLIN) 91794
700 1# - ENTRADA AGREGADA--NOMBRE PERSONAL
Nombre de persona Léautand, Paul.
9 (RLIN) 70990
830 0# - PUNTO DE ACCESO ADICIONAL DE SERIE-TÍTULO UNIFORME
Título uniforme Atelier
9 (RLIN) 232975
852 ## - LOCALIZACIÓN
Ubicación ES-MaACL
Número de control de estantería A-2286
Holdings
Estatus retirado Estado de pérdida Estado de daño No para préstamo Biblioteca de origen Biblioteca actual Ubicación en estantería Fecha de adquisición Fuente de adquisición Total de préstamos Signatura topográfica completa Código de barras Visto por última vez Precio de reemplazo Tipo de ítem Koha
        Biblioteca del Ateneo de Madrid Biblioteca del Ateneo de Madrid Sala Pecera Planta 1 17/01/2008     A-2286 1114070 23/02/2023 23/02/2023 Libro impreso